书目信息 |
| 题名: |
键盘演奏与实践智慧
|
|
| 作者: | 何雨梦 编著 | |
| 分册: | ||
| 出版信息: | 北京 中国书籍出版社 2020.11 |
|
| 页数: | 301页 | |
| 开本: | 24cm | |
| 丛书名: | 中国书籍学术之光文库 | |
| 单 册: | ||
| 中图分类: | J624.06 | |
| 科图分类: | ||
| 主题词: | 键盘乐器--奏法 | |
| 电子资源: | ||
| ISBN: | 978-7-5068-8115-9 | |
| 000 | 00866nam0 2200253 45 | |
| 001 | 012001000684 | |
| 005 | 20130909125918.0 | |
| 010 | @a978-7-5068-8115-9@b精装@dCNY98.00 | |
| 100 | @a20210402d2020 em y0chiy0110 ea | |
| 101 | 0 | @achi |
| 102 | @aCN@b110000 | |
| 105 | @aag z 000yy | |
| 106 | @ar | |
| 200 | 1 | @a键盘演奏与实践智慧@Ajian pan yan zou yu shi jian zhi hui@f何雨梦编著 |
| 210 | @a北京@c中国书籍出版社@d2020.11 | |
| 215 | @a301页@c图,照片@d24cm | |
| 225 | 2 | @a中国书籍学术之光文库 |
| 330 | @a本书前三章从钢琴演奏角度介绍了键盘演奏的基本技能和实践方法。从第五章开始介绍了电子管风琴演奏的基本方法和必备的演奏知识与能力。 | |
| 461 | 0 | @12001 @a中国书籍学术之光文库 |
| 606 | 0 | @a键盘乐器@x奏法 |
| 690 | @aJ624.06@v5 | |
| 701 | 0 | @a何雨梦@Ahe yu meng@c(女,@f1982-)@4编著 |
| 801 | @aCN@b江苏凤凰@c20211018 | |
| 905 | @b1340624-7@dJ624.06@e492@f4 | |
| 键盘演奏与实践智慧/何雨梦编著.-北京:中国书籍出版社,2020.11 |
| 301页:图,照片;24cm.-(中国书籍学术之光文库) |
| ISBN 978-7-5068-8115-9(精装):CNY98.00 |
| 本书前三章从钢琴演奏角度介绍了键盘演奏的基本技能和实践方法。从第五章开始介绍了电子管风琴演奏的基本方法和必备的演奏知识与能力。 |
| ● |
| 相关链接 |
|
|
|
|
正题名:键盘演奏与实践智慧
索取号:J624.06/492
 
预约/预借
| 序号 | 登录号 | 条形码 | 馆藏地/架位号 | 状态 | 备注 |
| 1 | 1340624 | 213406241 | 第一样本阅览室/ [索取号:J624.06/492] | 在馆 | |
| 2 | 1340625 | 213406250 | 第一借阅区/ [索取号:J624.06/492] | 在馆 | |
| 3 | 1340626 | 213406269 | 第一借阅区/ [索取号:J624.06/492] | 在馆 | |
| 4 | 1340627 | 213406278 | 第一借阅区/ [索取号:J624.06/492] | 在馆 |